| 000 | 00893cam a2200241 a 4500 | ||
|---|---|---|---|
| 001 | 000015566 | ||
| 005 | 20250314135209.0 | ||
| 008 | 781005s1973 es b f001 0 spa | ||
| 040 |
_aDO-SdBNP _bspa _cDLC _dBNPHU |
||
| 082 |
_a320.01 _bL318e |
||
| 100 | 1 |
_aLara Velado, Roberto. _935124 |
|
| 245 | 1 | 0 |
_aEstudio histórico de la evolución política de la humanidad / _cRoberto Lara Velado. |
| 260 |
_aSan Salvador, El Salvador : _bMinisterio de Educación, Dirección de Cultura, Dirección de Publicaciones, _c1973. |
||
| 300 |
_a394 p. ; _c21 cm. |
||
| 490 | 1 |
_aPensamiento social _v3 |
|
| 504 | _aIncluye referencias bibliográficas (p. 391-394). | ||
| 650 | 0 |
_aCiencia política _95772 |
|
| 650 | 4 |
_aCiencia política _xHistoria _9727 |
|
| 650 | 0 |
_aSociología política _92483 |
|
| 830 | 0 |
_aPensamiento social ; _v3 _932726 |
|
| 910 | _aCatalogación por copia / LC | ||
| 049 | _aBNGR | ||
| 999 |
_c15122 _d15122 |
||